000 01787cam a22004694i 4500
003 PE-LiUPU
005 20250731172955.0
008 150623s r 000 0 d
020 _a0570031842
035 _a(Sirsi) i9780570031840
040 _aPE-LiUPU
_bspa
_cPE-LiUPU
_erda
049 _aPRUA
082 0 4 _a262.15
_bF42
_221
100 1 _aFeucht, Oscar E.,
_eautor.
245 1 0 _aEveryone a minister; a guide to churchmanship: for laity and clergy /
_cOscar E. Feucht.
264 1 _aMissouri :
_bPublishing House,
_c1986.
300 _a158 páginas ;
_c18 centímetros
336 _atext
_2rdacontent
337 _aunmediated
_2rdamedia
338 _avolume
_2rdacarrier
505 0 _aThe church intoday work. -Promising signs of hope. -The quest for solutions. -The priesthood of all believers. -Recpvering a rich heritage. -The Laity and the church. -The ministry of the Laity. -Wanted: a functional ministry. -Training laity for service. -Enlisting God´s people. -What shape of a church do we want?. -Multiplyng the workers.
526 _aSEG42
526 _aSEG41
526 _aSEG40
526 _aSEG39
526 _aP94
526 _aP87
526 _aP86
526 _aP85
526 _aP77
526 _aP76
526 _aP35
650 0 4 _aCristianismo
_ySiglo XX.
650 0 4 _aLaicos.
650 0 4 _aTeología práctica.
942 _2ddc
_cBOOK
949 _a262.15 F42
_wDEWEY
_c1
_i45245
_lCCODEBUL1
_mBUL
_r0
_sY
_tBOOK
_u2015-6-24
_xTEOLOGIA
_PP35
_0COMPRA
_o.STAFF. Colección General
994 _aC0
_bPEPRU
596 _a1
999 _a262.15 F42
_wDEWEY
_c22104
_i45245
_f2021-11-12
_g5
_lCCODEBUL1
_mBUL
_r0
_sY
_tBOOK
_u2015-6-24
_xTEOLOGIA
_PP35
_0COMPRA
_o.STAFF. Colección General
_d22104
980 _81
_gALBERTO SANCHEZ Responsable de Automatización